Регионална библиотека "Любен Каравелов" - Русе

Студената война (Запис номер 73672)

MARC детайли
000 -Лидер
Контролно поле с фиксирана дължина 01421nam a2200385 c 4500
003 - Код на организацията, давaща контролен номер
Контролно поле BLK
005 - Дата и час на последна редакция
Контролно поле 20250710132706.0
008 - Елементи от данни с фиксирана дължина
fixed length control field 180408b bul|||||r ||||||| ||bul||
010 ## - Наследен системен номер
LC control number KNG00078067000
020 ## - Международен стандартен номер на книга ISBN
Международен стандартен номер на книга ISBN 978-954-533-073-5
-- издат.: Кралица МАБ
040 ## - Източник на каталожния запис
Идентификатор на билиотеката - собственик на записа BLK
041 ## - Код за език
Код за езика на текст/звукозапис или на отделно заглавие Български
Код за езика КДБФ Български
080 ## - УДК
Текстов определител УДК Студена война
УДК код - определител по УДК 327.54
УДК определител (100)
УДК - код + определител 327.54(100)
100 1# - Редна дума - Автор
Автор Гадис, Джон Луис
Авторска отговорност първи автор
R(LIN) 50579
139 ## - Редно поле
Редна дума Гадис, Джон Луис
Авторски знак Гад - Г 15
245 10 - Сведения за заглавието
Заглавие Студената война
Подзаглавни данни Нова история
Редно поле (дума) Джон Луис Гадис; прев. Леонид Дуков.
257 ## - Страна на издаване
Страна на създаване/издаване Съединени американски щати
260 ## - Област на издателските данни
-- София
Име на издателя, разпространителя и проч. Кралица МАБ
Година на издаване 2007
Печатница София : Експреспринт
300 ## - Физическа характеристика
Страници 351 с.
Илюстрации и др. със сн.
Размери/Мащаб 20 см
380 ## - Жанр
Жанр История
500 ## - Общи забележки
Забележка Ориг. загл. The Cold War : A New History / John Lewis Gaddis
590 ## - Забележки на библиотеката, притежаваща документа (RLIN)
Служебно ф
650 #4 - Допълнително описание по предмет – тема
Основно описание – тема или топоним Студена война
9 (RLIN) 278784
650 #4 - Допълнително описание по предмет – тема
Основно описание – тема или топоним Външна политика - история
9 (RLIN) 260493
653 ## - Ключова дума – ненормативна
Ключова дума Студена война
653 ## - Ключова дума – ненормативна
Ключова дума външна политика
653 ## - Ключова дума – ненормативна
Ключова дума история
700 1# - Други автори (авторска отговорност)
Лично име Дуков, Леонид
Автороска отговорност (Описва отношението между автора и произведението) прев.
9 (RLIN) 269005
852 ## - Местоположение
Форматна сигнатура Цб 235911
856 4# - Електронен адрес и достъп
Електронен формат pdf - файл
Път до файла /url/
856 4# - Електронен адрес и достъп
Електронен формат pdf - файл
Път до файла /url/
942 ## - АРТИКУЛИ
Вид на библиотечния материал Книги
Скрит в OPAC Не
Koha issues (borrowed), all copies 7
944 ## - СЪЗДАВАНЕ И РЕДАКЦИЯ на ЗАПИСА
Създаване/Редакция Създаване
Дата на регистрацията/редакция 02.10.2007
Служител, извършил регистрацията/редакцията 30531
Статус, дата на статуса Цветелина Шанова
944 ## - СЪЗДАВАНЕ И РЕДАКЦИЯ на ЗАПИСА
Създаване/Редакция Редакция
Дата на регистрацията/редакция 20.10.2008
Служител, извършил регистрацията/редакцията
999 ## - СИСТЕМНИ КОНТРОЛНИ НОМЕРА
Koha biblionumber 73672
Koha biblioitemnumber 73672
Наличности
Код за отписване Код за изгубен артикул Код за повреда Коз за рестрикции Код за отдаване Артикулен № Име на библиотеката - собственик Име на библиотеката, в която се намира в момента Статус (Текущо местоположение) Дата на вписване в системата Местоположение - отдел Цена в лева Инвентарен номер Систематично азбучна сигнатура Баркод Номер на екземпляра Цена в евро Служебна бележка Служебен тип на артикула
  Не е изгубен Не е повреден без рестрикции заемане за дома 119794 Регионална библиотека "Любен Каравелов" Русе Регионална библиотека "Любен Каравелов" Русе Заемна - подръчен фонд 2007-09-27 Заемна - подръчен фонд 12.00 120000717401 П 327.5/Г 15 120000717401 1 6.14 Дост: Pk Вид: Ф N: 145 Дата: 27.09.2007 Дата инв: 13.02.2018 Бележки инв: П2018 Книги
  Не е изгубен Не е повреден без рестрикции заемане за дома 119795 Регионална библиотека "Любен Каравелов" Русе Регионална библиотека "Любен Каравелов" Русе Заемна - подръчен фонд 2007-11-30 Заемна - подръчен фонд 12.00 120000720814 П 327.5/Г 15 120000720814 2 6.14 Дост: Pk Вид: Ф N: 11787 Дата: 27.11.2007 Дата инв: 02.02.2018 Бележки инв: П2018 Книги
  Не е изгубен Не е повреден без рестрикции заемане за дома 119796 Регионална библиотека "Любен Каравелов" Русе Регионална библиотека "Любен Каравелов" Русе Заемна - подръчен фонд 2008-02-08 Заемна - подръчен фонд 12.00 120000723124 П 327.5/Г 15 120000723124 3 6.14 Дост: Pk Вид: Ф N: 169 Дата: 06.02.2008 Дата инв: 02.02.2018 Бележки инв: П2018 Книги
Изтеглен Не е изгубен Не е повреден без рестрикции заемане за дома 119797 Регионална библиотека "Любен Каравелов" Русе Регионална библиотека "Любен Каравелов" Русе Заемна - подръчен фонд 2008-10-03 Заемна - подръчен фонд 12.00 120000730186 П 327.5/Г 15 120000730186 4 6.14 Дост: Pk Вид: Ф N: 8544 Дата: 03.10.2008 Дата инв: 02.02.2018 Бележки инв: П2018 Книги
Vip Innovations Ltd, Rousse, Bulgaria 2025